<?xml version="1.0" encoding="UTF-8"?>
<marc:record xmlns:marc="http://www.loc.gov/MARC21/slim">
   <marc:leader>00000nam a2200000 a 4500</marc:leader>
   <marc:datafield ind1="1" ind2=" " tag="100">
      <marc:subfield code="a">Napp, Daniel</marc:subfield>
      <marc:subfield code="4">aut</marc:subfield>
      <marc:subfield code="e">Verfasser/-in</marc:subfield>
   </marc:datafield>
   <marc:datafield ind1=" " ind2=" " tag="653">
      <marc:subfield code="a">Antolin Klasse-2</marc:subfield>
   </marc:datafield>
   <marc:datafield ind1="0" ind2="0" tag="245">
      <marc:subfield code="a">Dr. Brumm feiert Weihnachten</marc:subfield>
   </marc:datafield>
   <marc:datafield ind1=" " ind2="1" tag="264">
      <marc:subfield code="b">Thienemann</marc:subfield>
      <marc:subfield code="c">2010</marc:subfield>
   </marc:datafield>
   <marc:datafield ind1="1" ind2=" " tag="520">
      <marc:subfield code="a">Manchmal ist lügen erlaubt, besonders zu Weihnachten. (ab 4) (JD) Das Trio - Dr. Brumm, Pottwal und Dachs - streift durch den Wald und sucht einen schönen Weihnachtsbaum. Der Bauer Hackenpiep unterbricht diese Wonne, denn Bäumefällen, das sei in seinem Wald streng verboten. Die drei ziehen ab, aber aufgeben, das werden sie niemals! Eine heitere Geschichte, die von den Dialogen und den dynamischen Zeichnungen lebt. Pottwal ist eigentlich nur ein Goldfisch, aber das stört wirklich keinen großen Geist. Große Lügen werden hier zu Weihnachten aufgetischt und am Ende hat das Trio alles, was es zu einem gelungenen Weihnachtsfest braucht. Gut zum Vorlesen, nett zum Anschauen und sicher nicht für Besitzer von Weihnachtsbaum-Plantagen gemacht.</marc:subfield>
   </marc:datafield>
   <marc:datafield ind1=" " ind2=" " tag="020">
      <marc:subfield code="a">9783522436625</marc:subfield>
      <marc:subfield code="9">9783522436625</marc:subfield>
   </marc:datafield>
</marc:record>
